000 00473nam a2200181Ia 4500
005 20250326125415.0
008 250326s9999 xx 000 0 und d
037 _aTextbook
040 _aFMSL
_beng
_cFMSL
041 _aeng
_2eng
084 _aY K1
_qFMSL
100 _aBecker H
245 0 _aSocial thought from lore to science
_cBecker H; Barnes H E
260 _aNY
_bNY, Dover
_c1961
300 _a800p
942 _cTB
_hY K1
999 _c1277929
_d1277929